[Event "Verbandsliga Suedbaden 1920"]
[Site "Baden"]
[Date "2019.11.10"]
[Round "2.4"]
[White "Schmitt, Anatole"]
[Black "Doll, Stefan"]
[Result "0-1"]
[WhiteElo "1969"]
[BlackElo "2144"]
[PlyCount "58"]
[EventDate "2019.09.29"]
[EventType "team-tourn"]
[EventRounds "9"]
[EventCountry "GER"]
[SourceTitle "EXT 2021"]
[Source "ChessBase"]
[SourceDate "2020.10.23"]
[SourceVersion "1"]
[SourceVersionDate "2020.10.23"]
[SourceQuality "1"]
[WhiteTeam "Heitersheim"]
[BlackTeam "Baden-Baden V"]
[WhiteTeamCountry "GER"]
[BlackTeamCountry "GER"]

1. e4 e5 2. Nf3 Nc6 3. Bc4 Bc5 4. 0-0 d6 5. c3 Nf6 6. d3 a6 7. Bb3 Ba7 8. Nbd2 Be6 9. Bc2 Qd7 10. Re1 Ng4 11. Re2 0-0 12. Nf1 Kh8 13. h3 Nxf2 14. Rxf2 Bxf2+ 15. Kxf2 f5 16. Bb3 d5 17. exd5 Bxd5 18. Ne3 Bxb3 19. axb3 Rad8 20. Ne1 e4 21. d4 f4 22. Ng4 Rde8 23. Kg1 Qf5 24. Nh2 f3 25. gxf3 Qxh3 26. fxe4 Qg3+ 27. Ng2 Rf2 28. Qg4 Rxg2+ 29. Kh1 Rg1# 0-1